<Das> Ladenschlussgesetz-Ladenhüter des Einzelhandels? <Eine> Analyse im Lichte ausländischers Deregelierungserfahrungen
Gespeichert in:
| 1. Verfasser: | |
|---|---|
| Format: | Buch |
| Sprache: | Deutsch |
| Veröffentlicht: |
Kiel
Institut für Weltwirtschaft
1987
|
| Ausgabe: | 1. Aufl. |
| Schriftenreihe: | Kieler Diskussionsbeiträge
128 |
| Tags: |
Keine Tags, Fügen Sie das erste Tag hinzu!
|
MARC
| LEADER | 00000nam a2200000 4500 | ||
|---|---|---|---|
| 001 | c036321 | ||
| 005 | 20221219111124.4 | ||
| 041 | 0 | |a ger | |
| 044 | |a DE | ||
| 245 | 1 | 0 | |a <Das> Ladenschlussgesetz-Ladenhüter des Einzelhandels? |b <Eine> Analyse im Lichte ausländischers Deregelierungserfahrungen |c Jürgen Stehn |
| 250 | |a 1. Aufl. | ||
| 264 | 1 | |a Kiel |b Institut für Weltwirtschaft |c 1987 | |
| 300 | |a 40 s. | ||
| 490 | 1 | |a Kieler Diskussionsbeiträge |v 128 | |
| 830 | 0 | |a Kieler Diskussionsbeiträge |v 128 | |
| 100 | 1 | |a Stehn, Jürgen | |